000 00607nam a2200193 i 4500
001 62597
003 ES-MaACL
005 20231224062924.0
007 t|
008 031124s1952 sp ||||1| spa d
100 1 _aFernández y González, Manuel,
_d1821-1888
_950183
245 1 4 _aLas cuatro barras de sangre:
_b(novela histórica tradicional) /
_cManuel Fernández y González.
260 _aMadrid :
_bSiglo XX,
_c[1952] (
_fSebastián)
300 _a275 p. ;
_c19 cm.
490 1 _aCapa y espada
830 1 _aCapa y espada
_9182845
852 _aES-MaACL
_jD-8138
999 _c62597
_d62597